Mix personálneho marketingu

Pojmové vymedzenie personálneho marketingu. Obsah mixu personálneho marketingu. Uplatňovanie zákazníckeho prístupu k zamestnancom. Faktory mix personálneho marketingu.

Guardado en:
Detalles Bibliográficos
Autor principal: Blašková, Martina
Formato: Capítulo de libro
Lenguaje:eslovaco
Materias:
Etiquetas: Agregar Etiqueta
Sin Etiquetas, Sea el primero en etiquetar este registro!

MARC

LEADER 00000naa a2200000 4500
001 r047607
005 20231003082258.7
041 0 |a slo 
044 |a SK 
245 1 0 |a Mix personálneho marketingu  |c Martina Blašková 
520 |a Pojmové vymedzenie personálneho marketingu. Obsah mixu personálneho marketingu. Uplatňovanie zákazníckeho prístupu k zamestnancom. Faktory mix personálneho marketingu. 
610 2 0 |a marketing mix 
610 2 0 |a marketing personálny 
610 2 0 |a riadenie personálne 
610 2 0 |a nástroje marketingové 
610 2 0 |a motivácia pracovná 
610 2 0 |a výhody konkurenčné 
610 2 0 |a výkony pracovné 
610 2 0 |a manažéri 
610 2 0 |a kultúra podniková 
100 1 |a Blašková, Martina